000 00949nam a2200265 i 4500
001 bg
003 BPK
005 20191107154106.0
008 031023s2002 pl d |000 0 pol
015 _aPB 2003/17874
020 _a8388587803
040 _aWA N
_cBPK
041 0 _apollat
080 _a34(038)=124=162.1
100 1 _aSzewc, Andrzej
_d(1945-2017)
_eAutor
245 1 0 _aLeksykon łacińskich terminów, zwrotów i paremii prawniczych /
_cAndrzej Szewc ; Wyższa Szkoła Ekonomii i Administracji w Bytomiu.
260 _aBytom :
_bWSEiA,
_c2002.
300 _a162 s. ;
_c16 cm.
504 _aBibliogr.
650 4 _aPrawo
_xterminologia.
655 4 _aSłownik łacińsko-polski
710 2 _aWyższa Szkoła Ekonomii i Administracji (Bytom)
_4pbl.
856 _uhttp://koha.tu.koszalin.pl/cgi-bin/koha/opac-detail.pl?biblionumber=43702
_yKatalog online BPK
942 _2UKD
_cKS
999 _c43702
_d43702